Hrabě Monte Christo /
Hrabě Monte Cristo je po Třech mušketýrech druhý nejznámější historicko-dobrodružný román francouzského spisovatele Alexandra Dumase staršího. Přinášíme Vám tento světoznámý příběh lásky, zrady a pomsty ve vynikající nahrávce v režii Jiřího Horčičky z roku 1983. Účinkují Pavel Soukup, Ladislav Pešek...
Uloženo v:
| Hlavní autor: | |
|---|---|
| Další autoři: | , , , , , |
| Médium: | E-audiokniha |
| Vydáno: |
Praha :
Supraphon a.s.,
1997
|
| Tagy: |
Žádné tagy |
| LEADER | 01606nim a22003137i 4500 | ||
|---|---|---|---|
| 001 | 313347 | ||
| 007 | sr nunnnnnnned | ||
| 024 | |a 099925515126 | ||
| 044 | |a xr | ||
| 100 | 1 | |a Dumas, Alexander |4 aut | |
| 245 | 1 | 0 | |a Hrabě Monte Christo / |c Dumas, Alexander |
| 264 | 1 | |a Praha : |b Supraphon a.s., |c 1997 | |
| 300 | |a 1 online zdroj (2 hod., 28 min., 55 sek.) | ||
| 336 | |a mluvené slovo |b spw |2 rdacontent | ||
| 337 | |a audio |b s |2 rdamedia | ||
| 338 | |a online zdroj |b cr |2 rdacarrier | ||
| 505 | 0 | 0 | |t 1. část (1 hod., 11 min., 33 sek.) |
| 505 | 0 | 0 | |t 2. část (1 hod., 17 min., 23 sek.) |
| 520 | 2 | |a Hrabě Monte Cristo je po Třech mušketýrech druhý nejznámější historicko-dobrodružný román francouzského spisovatele Alexandra Dumase staršího. Přinášíme Vám tento světoznámý příběh lásky, zrady a pomsty ve vynikající nahrávce v režii Jiřího Horčičky z roku 1983. Účinkují Pavel Soukup, Ladislav Pešek, Růžena Merunková, Vladimír Brabec, Rudolf Hrušínský, Miroslav Moravec a další. | |
| 700 | 1 | |a Pešek, Ladislav |4 nrt | |
| 700 | 1 | |a Soukup, Pavel |4 nrt | |
| 700 | 1 | |a Hrušínský, Rudolf |4 nrt | |
| 700 | 1 | |a Brabec, Vladimír |4 nrt | |
| 700 | 1 | |a Merunková, Růžena |4 nrt | |
| 700 | 1 | |a Moravec, Miroslav |4 nrt | |
| 910 | |a RBIT002 | ||
| 998 | |d 403769 |a https://core.palmknihy.cz/api/books/403769/cover?scgoby |b https://core.palmknihy.cz/api/books/403769/cover/400?scgoby |c https://core.palmknihy.cz/api/books/403769/cover/50?scgoby |e 2099-01-01 |i 099925515126 |l 8935 |q 49 |r 1 |s https://www.palmknihy.cz/kniha/403769 |t audiobook |y 1997 |z 1 | ||
| 999 | |d 313345 | ||